Artículos de crítica literaria

Uloženo v:
Podrobná bibliografie
Hlavní autor: Larra, Mariano José de
Médium: Kniha
Jazyk:Undetermined
Vydáno: Salamanca, España Anaya 1967
Témata:
Tagy: Přidat tag
Žádné tagy, Buďte první, kdo vytvoří štítek k tomuto záznamu!

MARC

LEADER 00000nam a2200000Ia 4500
008 170316s9999 xx 000 0 und d
040 |a cru BVZT 
090 |a 862 L-8acr 
100 |a Larra, Mariano José de 
245 |a Artículos de crítica literaria 
260 |a Salamanca, España 
260 |b Anaya 
260 |c 1967 
300 |a 157 páginas 
650 |a LITERATURA ESPAÑOLA 
999 |c 10093  |d 10093 
942 |c 15 D  |h 862 L-8acr  |2 z